000 01308cam a22002055a 4500
001 L156708
008 120627s1851 xxk f 000 0 eng d
035 _a(Sirsi) u156708
041 0 _aeng
100 1 _aRoberts, Henry
_d1803-1876
240 _aPrince Albert's model houses for families
245 0 4 _aThe model houses for families
_bbuilt in connexion with the Great Exhibition of 1851 by command of His Royal Highness, the Prince Albert, K.G. ...
_cby Henry Roberts
260 _aLondon
_bby request ... and for the benefit of the Society for Improving the Condition of the Labouring Classes
_bSeeleys
_c[1851?]
300 _a32 p., [13] leaves of plates
_bill., plans
_c28 cm.
520 _aThe model houses for four families were erected at the Cavalry Barracks, Hyde Park as part of the Great Exhibition of 1851. Includes specification of the work and detailed estimates of cost. 1 monochrome lithograph of the model houses opposite title page; printed by Day & Son. 12 leaves of woodcut plans. 2 p. of publisher's advertisements at back. Published by the Society for Improving the Condition of the Labouring Classes, no. 21 Exeter Hall, London.
583 _aCondition reviewed
_c20120620
_lcondition level 4
651 4 _aGreat Britain
_y1707-
690 _aResidential property
_96266
942 _n0
999 _c114376
_d114376